[Event "IV Festival A"]
[Site "San Martino di Castrozza - Siror ITA"]
[Date "2003.06.30"]
[Round "1"]
[White "Bartonicek, Zdenek sr"]
[Black "Proietti, Giorgio"]
[Result "1-0"]
[WhiteElo "2127"]
[BlackElo "1804"]
[PlyCount "176"]
[EventDate "2003.06.30"]

1. d4 d5 2. Nf3 Nf6 3. c4 e6 4. Nc3 Nbd7 5. e3 Be7 6. Bd3 O-O 7. O-O dxc4 8.
Bxc4 c5 9. b3 cxd4 10. Nxd4 Nb6 11. Bd3 a6 12. Bb2 Nbd5 13. Qe2 Nxc3 14. Bxc3
e5 15. Nf5 e4 16. Nxe7+ Qxe7 17. Bxf6 exd3 18. Bxe7 dxe2 19. Rfe1 Re8 20. Bc5
Be6 21. Rxe2 Rac8 22. Bd4 b5 23. f3 Rc6 24. b4 f5 25. Kf2 Kf7 26. Rd2 Rd8 27.
Rad1 Rcd6 28. Rc1 Bc4 29. g3 g6 30. a4 R8d7 31. axb5 axb5 32. Ra1 Re6 33. Rdd1
Re8 34. h4 Ree7 35. Ra8 Re8 36. Rxe8 Kxe8 37. Ra1 Bd3 38. Ra6 Bc4 39. f4 Bf7
40. Rb6 Bc4 41. h5 gxh5 42. Rh6 Rf7 43. Rxh5 Kd7 44. Rh6 Kc7 45. Ke1 Kc8 46.
Kd2 Kd7 47. Kc3 Be2 48. Rb6 Kc7 49. Ra6 Bc4 50. Be5+ Kb7 51. Rd6 Be2 52. Rd8
Kc6 53. Rd6+ Kb7 54. Rh6 Rd7 55. Bd4 Bc4 56. Rf6 Rf7 57. Rd6 Kc7 58. Ra6 Kb7
59. Ra1 Kc6 60. Ra8 Kd7 61. Bc5 Ke6 62. Bd4 Kd7 63. Kd2 Kc6 64. Ke1 Kd5 65. Kf2
Bd3 66. Rc8 Bc4 67. Kf3 Ke6 68. g4 fxg4+ 69. Kxg4 Bd3 70. Kf3 Rd7 71. Rc5 Rd5
72. Rc3 Bc4 73. Rc1 Rh5 74. e4 Rh3+ 75. Kg4 Rd3 76. f5+ Kf7 77. Bc5 Rd2 78. Kf4
h5 79. Ra1 Bd3 80. Ra7+ Kg8 81. f6 Bc4 82. Rg7+ Kh8 83. e5 Re2 84. Kf5 Bd3+ 85.
Kg5 Bc4 86. Kh6 Bd3 87. Bd6 Re1 88. Rf7 Bc4 1-0

[Event "IV Festival A"]
[Site "San Martino di Castrozza - Siror ITA"]
[Date "2003.06.30"]
[Round "1"]
[White "Di Paolo, Marco"]
[Black "Naumkin, Igor"]
[Result "0-1"]
[WhiteElo "2060"]
[BlackElo "2431"]
[PlyCount "50"]
[EventDate "2003.06.30"]

1. e4 e5 2. Nc3 Nc6 3. Bc4 Nf6 4. d3 Bb4 5. Nge2 d5 6. exd5 Nxd5 7. O-O Bxc3 8.
Nxc3 Nxc3 9. bxc3 O-O 10. Re1 a6 11. a4 Re8 12. Rb1 Rb8 13. Qh5 Be6 14. Bg5 Qd7
15. Re4 Bxc4 16. Rxc4 Qf5 17. Qg4 Qg6 18. Be3 Qxg4 19. Rxg4 b5 20. axb5 axb5
21. Bh6 g6 22. Re4 f6 23. h3 Kf7 24. Kf1 g5 25. h4 Kg6 0-1

[Event "IV Festival A"]
[Site "San Martino di Castrozza - Siror ITA"]
[Date "2003.06.30"]
[Round "1"]
[White "Di Paolo, Raffaele"]
[Black "Rossi, Giampiero"]
[Result "1-0"]
[WhiteElo "2320"]
[BlackElo "2052"]
[PlyCount "81"]
[EventDate "2003.06.30"]

1. e4 c5 2. Nf3 e6 3. d4 cxd4 4. Nxd4 a6 5. Bd3 Qc7 6. O-O Nf6 7. c4 d6 8. Nc3
Be7 9. Kh1 O-O 10. Be3 Bd7 11. Rc1 Rc8 12. f4 Bf8 13. f5 Nc6 14. fxe6 fxe6 15.
Nd5 exd5 16. cxd5 Qd8 17. dxc6 bxc6 18. Bg5 Be7 19. Bc4+ d5 20. Bxf6 dxc4 21.
Bxe7 Qxe7 22. Nf5 Bxf5 23. exf5 Rab8 24. Qd4 Qf7 25. f6 Rd8 26. Qxc4 Qxc4 27.
Rxc4 Rxb2 28. f7+ Kf8 29. Ra4 Rb7 30. Rxa6 Rxf7 31. Rb1 Rb7 32. Rg1 Rb2 33. a4
c5 34. h3 Rdd2 35. Ra7 h6 36. a5 Kg8 37. Rc7 Rdc2 38. a6 Ra2 39. a7 Kh7 40. Re1
Rxg2 41. a8=Q 1-0

[Event "IV Festival A"]
[Site "San Martino di Castrozza - Siror ITA"]
[Date "2003.06.30"]
[Round "1"]
[White "Mayer, Frank"]
[Black "De Carolis, Maurizio"]
[Result "1-0"]
[WhiteElo "2191"]
[BlackElo "1864"]
[PlyCount "79"]
[EventDate "2003.06.30"]

1. e4 c6 2. d4 d5 3. f3 e6 4. Be3 Nf6 5. e5 Nfd7 6. c3 c5 7. f4 cxd4 8. cxd4
Qb6 9. Qd2 Nc6 10. Nf3 Qb4 11. Nc3 Nb6 12. Nb5 Qxd2+ 13. Nxd2 Kd8 14. a3 Bd7
15. Rc1 a6 16. Nc3 Rc8 17. Kf2 Be7 18. Be2 f6 19. b4 fxe5 20. fxe5 Rf8+ 21. Kg3
h5 22. Bxh5 Rh8 23. Bg4 Bh4+ 24. Kf3 Rf8+ 25. Ke2 Na7 26. Nf3 Be7 27. Ng5 Rc6
28. h4 Kc8 29. a4 Bxb4 30. Na2 Ba5 31. Bxe6 Kb8 32. Bxd7 Nxd7 33. Rxc6 Nxc6 34.
h5 b5 35. axb5 axb5 36. Ne6 Rf7 37. Nc1 Ka7 38. Nb3 Kb6 39. Nf4 Ne7 40. e6 1-0

[Event "IV Festival A"]
[Site "San Martino di Castrozza - Siror ITA"]
[Date "2003.06.30"]
[Round "1"]
[White "Pietrocola, Roberto"]
[Black "Campini, Marco"]
[Result "1-0"]
[WhiteElo "1858"]
[BlackElo "2156"]
[PlyCount "117"]
[EventDate "2003.06.30"]

1. e4 c5 2. Nf3 d6 3. d4 cxd4 4. Nxd4 Nf6 5. Nc3 a6 6. Bg5 e6 7. f4 Be7 8. Qf3
Qc7 9. O-O-O Nc6 10. Nb3 h6 11. Bh4 Bd7 12. Bf2 Rc8 13. Kb1 b5 14. Bd3 Nb4 15.
a3 Nxd3 16. Qxd3 Bc6 17. Rhe1 O-O 18. h3 a5 19. Nd4 b4 20. Ncb5 Qb7 21. Nxc6
Rxc6 22. a4 Nd7 23. Na7 Ra6 24. Nb5 Rc8 25. Re2 Rcc6 26. g4 Ra8 27. h4 Rd8 28.
Qg3 Nc5 29. Bxc5 Rxc5 30. g5 d5 31. e5 Rxb5 32. axb5 h5 33. Qd3 g6 34. b3 Rc8
35. Re3 Rc5 36. Kb2 Rxb5 37. Qe2 Bf8 38. Red3 Rc5 39. Qd2 Qc7 40. c3 Qb6 41.
cxb4 Rb5 42. bxa5 Qa6 43. Ra1 Bb4 44. Qd1 Bxa5 45. Qc2 Rb8 46. Qd2 Bxd2 47.
Rxa6 Bxf4 48. Rf3 Bxe5+ 49. Kc2 Rb7 50. Rc6 Rb4 51. Rh3 Kf8 52. Ra6 Rb7 53. Rf3
Ke7 54. Ra4 Bd6 55. Kb2 e5 56. Ra6 e4 57. Rf1 Bg3 58. Ra5 Rd7 59. Rh1 1-0

[Event "IV Festival A"]
[Site "San Martino di Castrozza - Siror ITA"]
[Date "2003.06.30"]
[Round "1"]
[White "Poropat, Marijan"]
[Black "Drasko, Milan"]
[Result "0-1"]
[WhiteElo "2103"]
[BlackElo "2491"]
[PlyCount "92"]
[EventDate "2003.06.30"]

1. Nf3 Nf6 2. c4 e6 3. g3 d5 4. Bg2 dxc4 5. Qa4+ Nbd7 6. Qxc4 c5 7. O-O b6 8.
d4 Bb7 9. Rd1 Rc8 10. Bg5 a6 11. dxc5 Bxc5 12. Qf4 b5 13. Nc3 Qb6 14. g4 O-O
15. Bxf6 Nxf6 16. g5 Nd5 17. Ne4 Rfd8 18. g6 hxg6 19. Nfg5 Bd4 20. Nxf7 Bxf2+
21. Qxf2 Qxf2+ 22. Nxf2 Kxf7 23. Nd3 Rc7 24. Rac1 Rdc8 25. Kf2 g5 26. Rxc7+
Rxc7 27. Rc1 Rxc1 28. Nxc1 Bc6 29. Nd3 Kf6 30. b4 Ke7 31. a3 Kd6 32. Nc5 a5 33.
Ne4+ Ke5 34. Nc5 axb4 35. Nd3+ Kd4 36. axb4 e5 37. Ke1 e4 38. Nf2 Nxb4 39. Ng4
Nc2+ 40. Kd2 e3+ 41. Nxe3 Nxe3 42. Bxc6 b4 43. h3 Nc4+ 44. Kc1 b3 45. Bd7 Kc3
46. Bf5 Nd2 0-1

[Event "IV Festival A"]
[Site "San Martino di Castrozza - Siror ITA"]
[Date "2003.06.30"]
[Round "1"]
[White "Rotstein, Arkadij"]
[Black "Gaido, Paolo"]
[Result "1-0"]
[WhiteElo "2514"]
[BlackElo "2123"]
[PlyCount "57"]
[EventDate "2003.06.30"]

1. e4 e5 2. Nf3 Nc6 3. Bb5 a6 4. Ba4 Nf6 5. O-O Be7 6. Re1 b5 7. Bb3 O-O 8. c3
d6 9. h3 Na5 10. Bc2 c5 11. d4 Qc7 12. Nbd2 Bd7 13. Nf1 Rfe8 14. Ng3 cxd4 15.
cxd4 Rac8 16. Bd3 Nc6 17. Be3 exd4 18. Nxd4 Ne5 19. Bf1 Nc4 20. Bc1 Bf8 21. b3
Nb6 22. Bg5 d5 23. Bxf6 gxf6 24. Bd3 Qf4 25. Re3 Bd6 26. Rf3 Qg5 27. Ndf5 Be5
28. h4 Qg6 29. exd5 1-0

[Event "IV Festival A"]
[Site "San Martino di Castrozza - Siror ITA"]
[Date "2003.07.01"]
[Round "2"]
[White "Campini, Marco"]
[Black "Di Paolo, Marco"]
[Result "1-0"]
[WhiteElo "2156"]
[BlackElo "2060"]
[PlyCount "69"]
[EventDate "2003.06.30"]

1. e4 c5 2. Nf3 d6 3. d4 cxd4 4. Nxd4 Nf6 5. Nc3 g6 6. Be2 Bg7 7. Be3 Nc6 8.
O-O O-O 9. h3 a6 10. Nxc6 bxc6 11. Qd2 Rb8 12. Rab1 Qa5 13. a3 Rd8 14. Rfd1 Be6
15. Qe1 d5 16. Bf4 Rb7 17. b4 Qb6 18. Na4 Qa7 19. Nc5 Rb5 20. Be3 Qa8 21. Bxb5
axb5 22. e5 Nd7 23. Nxd7 Rxd7 24. Bd4 Bf5 25. Qc3 h5 26. Rb3 Bf8 27. f3 g5 28.
g4 hxg4 29. hxg4 Bg6 30. Rd2 e6 31. Qe3 Be7 32. Rc3 Rd8 33. Rh2 Qb7 34. f4 gxf4
35. Qh3 1-0

[Event "IV Festival A"]
[Site "San Martino di Castrozza - Siror ITA"]
[Date "2003.07.01"]
[Round "2"]
[White "De Carolis, Maurizio"]
[Black "Poropat, Marijan"]
[Result "0-1"]
[WhiteElo "1864"]
[BlackElo "2103"]
[PlyCount "78"]
[EventDate "2003.06.30"]

1. c4 g6 2. Nc3 Bg7 3. g3 d6 4. Bg2 Nc6 5. e3 e5 6. Nge2 h5 7. h3 Nh6 8. d4 h4
9. g4 O-O 10. d5 Na5 11. Qd3 b6 12. b4 Nb7 13. a3 Qe7 14. e4 a5 15. g5 axb4 16.
gxh6 Bf6 17. Nb5 Nc5 18. Qe3 Bb7 19. Rb1 b3 20. Rg1 Ra4 21. Nec3 Rxc4 22. Bf1
Rd4 23. Qf3 c6 24. dxc6 Bxc6 25. Nxd4 exd4 26. Bc4 Nxe4 27. Rxg6+ Kh8 28. Nd5
Bxd5 29. Bxd5 Nc3+ 30. Kf1 fxg6 31. Rxb3 Qe5 32. Bc4 Be7 33. Qg2 d5 34. Bd3 Nd1
35. f4 Ne3+ 36. Bxe3 Qxe3 37. f5 Rg8 38. h7 Kxh7 39. fxg6+ Kg7 0-1

[Event "IV Festival A"]
[Site "San Martino di Castrozza - Siror ITA"]
[Date "2003.07.01"]
[Round "2"]
[White "Drasko, Milan"]
[Black "Di Paolo, Raffaele"]
[Result "1-0"]
[WhiteElo "2491"]
[BlackElo "2320"]
[PlyCount "69"]
[EventDate "2003.06.30"]

1. d4 Nf6 2. c4 g6 3. Nf3 Bg7 4. g3 O-O 5. Bg2 d6 6. O-O c5 7. d5 Bg4 8. Nc3
Na6 9. e4 Qc8 10. Re1 Nc7 11. Qd3 a6 12. e5 Nd7 13. exd6 exd6 14. Ne4 Bf5 15.
Bf4 Bxb2 16. Rab1 Ne5 17. Qb3 Bxe4 18. Rxe4 Nxf3+ 19. Bxf3 Be5 20. Bxe5 dxe5
21. Rxe5 Ne8 22. Qb6 Qb8 23. Re3 Nd6 24. Be2 Nf5 25. Re4 Nd6 26. Rf4 Re8 27.
Bd3 Rc8 28. h4 Qc7 29. h5 Qxb6 30. Rxb6 Rd8 31. Rf6 Ne8 32. Rf3 Nd6 33. h6 Rd7
34. Re3 Re8 35. Rxd6 1-0

[Event "IV Festival A"]
[Site "San Martino di Castrozza - Siror ITA"]
[Date "2003.07.01"]
[Round "2"]
[White "Mayer, Frank"]
[Black "Ivanov, Mikhail M."]
[Result "0-1"]
[WhiteElo "2191"]
[BlackElo "2446"]
[PlyCount "76"]
[EventDate "2003.06.30"]

1. e4 c5 2. c3 d6 3. d4 Nf6 4. f3 Qc7 5. Be3 g6 6. Qd2 h5 7. Na3 a6 8. dxc5
dxc5 9. Bf4 e5 10. Bg5 Nbd7 11. c4 Be7 12. Bd3 Nf8 13. Ne2 Ne6 14. Be3 h4 15.
h3 Nh5 16. Kf2 Nhf4 17. Nc3 Bg5 18. Nd5 Qd8 19. Rhd1 Bh6 20. Bf1 Qg5 21. Bxf4
exf4 22. Nb6 Nd4 23. Qd3 Rb8 24. Nxc8 Rxc8 25. Kg1 O-O 26. Kh1 Rfd8 27. Rac1
Nf5 28. Qb3 Ne3 29. Rd5 Nxd5 30. exd5 Bg7 31. Nc2 Qe5 32. Ne1 Qxb2 33. Qxb2
Bxb2 34. Rb1 Bd4 35. Nd3 b5 36. cxb5 axb5 37. Nxf4 c4 38. Rxb5 c3 0-1

[Event "IV Festival A"]
[Site "San Martino di Castrozza - Siror ITA"]
[Date "2003.07.01"]
[Round "2"]
[White "Proietti, Giorgio"]
[Black "Pietrocola, Roberto"]
[Result "1/2-1/2"]
[WhiteElo "1804"]
[BlackElo "1858"]
[PlyCount "105"]
[EventDate "2003.06.30"]

1. d4 d5 2. Nf3 Nf6 3. c4 c6 4. Nc3 dxc4 5. a4 Bf5 6. Ne5 Nbd7 7. Nxc4 e6 8. g3
Be7 9. Bg2 O-O 10. O-O Nd5 11. e4 Nxc3 12. bxc3 Bg6 13. a5 b5 14. axb6 axb6 15.
Bf4 b5 16. Rxa8 Qxa8 17. Bd6 Bxd6 18. Nxd6 Qa3 19. e5 Qxc3 20. Qa1 Qxa1 21.
Rxa1 Nb8 22. Ra7 Bc2 23. Kf1 Bb3 24. Ke2 Bd5 25. Bxd5 cxd5 26. Ke3 Nc6 27. Rb7
b4 28. Rb6 Ne7 29. Rxb4 Nc8 30. Nb7 g6 31. Nc5 Ne7 32. g4 Ra8 33. Ra4 Rxa4 34.
Nxa4 Nc6 35. f4 Kf8 36. Nc3 Ke7 37. f5 g5 38. f6+ Kf8 39. Ne2 h6 40. Kf3 Kg8
41. Kg3 Kh7 42. h4 Kg6 43. h5+ Kh7 44. Kf3 Kg8 45. Ke3 Kf8 46. Kd3 Ke8 47. Kc3
Kd7 48. Ng1 Ke8 49. Nf3 Kf8 50. Kb3 Na5+ 51. Kb4 Nc4 52. Kc3 Ne3 53. Nh2
1/2-1/2

[Event "IV Festival A"]
[Site "San Martino di Castrozza - Siror ITA"]
[Date "2003.07.01"]
[Round "2"]
[White "Rossi, Giampiero"]
[Black "Gaido, Paolo"]
[Result "1/2-1/2"]
[WhiteElo "2052"]
[BlackElo "2123"]
[PlyCount "110"]
[EventDate "2003.06.30"]

1. d4 f5 2. Bg5 Nf6 3. Bxf6 exf6 4. e3 d5 5. Bd3 c6 6. c3 Bd6 7. Ne2 Be6 8. Nd2
Qc7 9. Qc2 g6 10. g3 Nd7 11. O-O O-O-O 12. c4 h5 13. Rfe1 h4 14. Nf4 Bxf4 15.
exf4 Nf8 16. c5 Qh7 17. Nf3 Bd7 18. Re3 Ne6 19. Rae1 Rde8 20. Qa4 Kb8 21. Bf1
hxg3 22. fxg3 Nc7 23. Rxe8+ Rxe8 24. Rxe8+ Bxe8 25. Qd1 Qe7 26. Kf2 Bf7 27. Bd3
Ne6 28. Qe2 Qc7 29. b4 Qd8 30. Qe3 Qh8 31. Kg2 Qf8 32. a3 Qd8 33. Nh4 Ng7 34.
Be2 Qd7 35. Nf3 Qd8 36. b5 Ne6 37. bxc6 bxc6 38. Qb3+ Ka8 39. Ba6 Qc7 40. Qb4
Qd7 41. h4 Ng7 42. Nd2 Ne6 43. Nb3 Nd8 44. Na5 Qc7 45. Kf2 Qd7 46. Bd3 Be6 47.
Bc2 Qc7 48. Ba4 Bd7 49. Qe1 Kb8 50. Qb4+ Ka8 51. Qd2 Ne6 52. Ke3 Qc8 53. Bc2
Nd8 54. Kf3 Qc7 55. Nb3 Bc8 1/2-1/2

[Event "IV Festival A"]
[Site "San Martino di Castrozza - Siror ITA"]
[Date "2003.07.01"]
[Round "2"]
[White "Valenti, Giuseppe"]
[Black "Rotstein, Arkadij"]
[Result "1/2-1/2"]
[WhiteElo "2226"]
[BlackElo "2514"]
[PlyCount "126"]
[EventDate "2003.06.30"]

1. e4 c5 2. Nf3 e6 3. d4 cxd4 4. Nxd4 a6 5. Nc3 b5 6. Bd3 d6 7. O-O Nf6 8. Kh1
Bb7 9. Qe2 Be7 10. f4 O-O 11. a3 Nc6 12. Be3 Qc7 13. Rae1 Rfe8 14. Qf3 b4 15.
Nxc6 bxc3 16. Nxe7+ Qxe7 17. b3 Rac8 18. Bf2 Nd7 19. Qh3 Nc5 20. Bxc5 Rxc5 21.
e5 g6 22. exd6 Qxd6 23. f5 Rf8 24. b4 Rd5 25. Be4 exf5 26. Bxd5 Qxd5 27. Rd1
Qc4 28. Qg3 Be4 29. Rf2 Re8 30. Qd6 h5 31. h3 Rc8 32. Qe7 Qa2 33. Rd7 Rf8 34.
Rd8 Rxd8 35. Qxd8+ Kh7 36. Qf6 Qa1+ 37. Kh2 Bd5 38. Qe5 Be6 39. Rf3 Qxa3 40.
Qxc3 Qa4 41. Re3 Qd7 42. Qd3 Qc7+ 43. Kg1 Qb6 44. Kh1 Qxb4 45. Qxa6 Qb1+ 46.
Kh2 Qxc2 47. Qd6 Qc4 48. Qe5 Bd5 49. Re2 Bc6 50. Rf2 Qd3 51. Rb2 Qe4 52. Re2
Qxe5+ 53. Rxe5 h4 54. Kg1 Kh6 55. Kf2 Kg5 56. Re7 Bd5 57. Rd7 Be6 58. Rb7 Kf6
59. Ra7 g5 60. Ra5 f4 61. Rc5 Bf5 62. Kf3 Kg6 63. Rc6+ f6 1/2-1/2

[Event "IV Festival A"]
[Site "San Martino di Castrozza - Siror ITA"]
[Date "2003.07.02"]
[Round "3"]
[White "Bartonicek, Zdenek sr"]
[Black "Mayer, Frank"]
[Result "0-1"]
[WhiteElo "2127"]
[BlackElo "2191"]
[PlyCount "84"]
[EventDate "2003.06.30"]

1. Nf3 f5 2. g3 Nf6 3. Bg2 d6 4. d4 g6 5. O-O Bg7 6. c4 O-O 7. Nc3 Qe8 8. d5
Na6 9. Rb1 Bd7 10. a3 c5 11. Re1 Nc7 12. e4 fxe4 13. Ng5 h6 14. Ngxe4 Qf7 15.
Nxf6+ Qxf6 16. Ne4 Qf7 17. Be3 Kh7 18. Qd2 Ne8 19. b4 b6 20. bxc5 dxc5 21. d6
exd6 22. Nxd6 Nxd6 23. Bxa8 Nxc4 24. Qd5 Be6 25. Qg2 Rxa8 26. Qxa8 Bd5 27. Qd8
Qf3 28. Kf1 Nxe3+ 29. Rxe3 Qh1+ 30. Ke2 Bc4+ 31. Kd2 Qxb1 32. Qd7 Qb2+ 33. Kd1
a5 34. Qc7 Qxf2 35. Re7 Qf6 36. Rd7 Bb3+ 37. Ke1 a4 38. g4 Be6 39. Re7 Bxg4 40.
Rf7 Qd4 41. Re7 Qg1+ 42. Kd2 Qd1+ 0-1

[Event "IV Festival A"]
[Site "San Martino di Castrozza - Siror ITA"]
[Date "2003.07.02"]
[Round "3"]
[White "Di Paolo, Marco"]
[Black "Proietti, Giorgio"]
[Result "1-0"]
[WhiteElo "2060"]
[BlackElo "1804"]
[PlyCount "133"]
[EventDate "2003.06.30"]

1. e4 e6 2. Nc3 d5 3. d4 Nf6 4. e5 Nfd7 5. f4 c5 6. Nf3 Nc6 7. Be3 cxd4 8. Nxd4
Nxd4 9. Bxd4 Qa5 10. Be2 a6 11. O-O Bc5 12. Kh1 Bxd4 13. Qxd4 Qc5 14. Qd2 Nb6
15. Nd1 Bd7 16. Rf3 Bb5 17. Rc3 Nc4 18. Bxc4 dxc4 19. Qe3 Qd5 20. Qf2 Qd7 21.
a4 Bxa4 22. Rxc4 Bb5 23. Rd4 Qc7 24. Nc3 O-O 25. Ne4 Rac8 26. c3 Rcd8 27. Nd6
f6 28. Qe3 fxe5 29. Qxe5 Qe7 30. Re1 Bc6 31. Qxe6+ Qxe6 32. Rxe6 g5 33. f5 Rxd6
34. Rexd6 Rxf5 35. Kg1 Kg7 36. h4 gxh4 37. Rg4+ Kf8 38. Rxh4 Rg5 39. Rd2 h5 40.
Kh2 Ke7 41. Rf2 Ke6 42. Rd4 Ke7 43. Kh3 Ke6 44. Kh4 Rxg2 45. Rxg2 Bxg2 46. Kxh5
Bc6 47. Kg5 Ke5 48. Kg4 Be4 49. Kg3 Bc6 50. Kf2 Ke6 51. Ke3 Ke5 52. Kd3 Bb5+
53. Kc2 Ke6 54. Kb3 Bc6 55. Rh4 Kd6 56. Rh6+ Kc7 57. Kc4 Kb6 58. b4 Kc7 59. Kc5
b6+ 60. Kd4 Bf3 61. c4 Bc6 62. c5 bxc5+ 63. Kxc5 Bb5 64. Rh7+ Kc8 65. Kb6 Bd3
66. Rh8+ Kd7 67. Ra8 1-0

[Event "IV Festival A"]
[Site "San Martino di Castrozza - Siror ITA"]
[Date "2003.07.02"]
[Round "3"]
[White "Di Paolo, Raffaele"]
[Black "Campini, Marco"]
[Result "1-0"]
[WhiteElo "2320"]
[BlackElo "2156"]
[PlyCount "113"]
[EventDate "2003.06.30"]

1. e4 d6 2. d4 Nf6 3. Nc3 g6 4. Nf3 Bg7 5. h3 O-O 6. Be3 c6 7. a4 a5 8. Qd2 Na6
9. g4 Nb4 10. g5 Nh5 11. Be2 e5 12. O-O-O Qe7 13. dxe5 dxe5 14. Qd6 Qxd6 15.
Rxd6 Be6 16. Nd2 Nf4 17. Bc4 Rfd8 18. Rxd8+ Rxd8 19. Bxe6 Nxe6 20. Bb6 Ra8 21.
Nb3 Nxg5 22. Bxa5 Bf8 23. Bb6 Ne6 24. Rd1 Na6 25. Rd7 Nec5 26. Nxc5 Nxc5 27.
Bxc5 Bxc5 28. Rxb7 Bxf2 29. Rc7 Ra6 30. Kd2 h5 31. b4 g5 32. b5 cxb5 33. axb5
Ra5 34. Rc6 g4 35. hxg4 hxg4 36. Ra6 Rxa6 37. bxa6 Bc5 38. Ke2 Kg7 39. Nb5 f5
40. exf5 Kf6 41. Nd6 Ba7 42. c4 e4 43. c5 g3 44. Nxe4+ Kxf5 45. Nxg3+ Ke5 46.
Ne4 Kd5 47. Kd3 Bb8 48. Kc3 Ba7 49. Kb4 Kc6 50. Kc4 Bb8 51. Nd2 Bg3 52. Nb3 Kc7
53. Nd4 Kb8 54. Nb5 Kc8 55. Kd5 Kb8 56. Kc6 Ka8 57. Kb6 1-0

[Event "IV Festival A"]
[Site "San Martino di Castrozza - Siror ITA"]
[Date "2003.07.02"]
[Round "3"]
[White "Gaido, Paolo"]
[Black "Solinas, Carlo"]
[Result "1/2-1/2"]
[WhiteElo "2123"]
[BlackElo "2089"]
[PlyCount "60"]
[EventDate "2003.06.30"]

1. Nf3 Nf6 2. c4 d6 3. d4 g6 4. Nc3 Bg7 5. g3 O-O 6. Bg2 c6 7. O-O Qa5 8. Qd2
Qh5 9. Qg5 Qxg5 10. Bxg5 h6 11. Bd2 Nbd7 12. e4 Nb6 13. b3 Nh5 14. Rac1 g5 15.
h3 e5 16. dxe5 dxe5 17. Be3 Bf6 18. c5 Nd7 19. Nd2 Ng7 20. Nc4 Ne6 21. b4 Nd4
22. Rfd1 Rd8 23. Nxe5 Nxe5 24. Bxd4 Be6 25. Be3 Kg7 26. Bf1 Nc4 27. Re1 Nxe3
28. Rxe3 Bd4 29. Ree1 Bxc3 30. Rxc3 Bxa2 1/2-1/2

[Event "IV Festival A"]
[Site "San Martino di Castrozza - Siror ITA"]
[Date "2003.07.02"]
[Round "3"]
[White "Pietrocola, Roberto"]
[Black "Valenti, Giuseppe"]
[Result "0-1"]
[WhiteElo "1858"]
[BlackElo "2226"]
[PlyCount "74"]
[EventDate "2003.06.30"]

1. e4 c5 2. Nf3 e6 3. d4 cxd4 4. Nxd4 a6 5. Nc3 Qc7 6. Be2 Nf6 7. O-O Be7 8.
Be3 O-O 9. f4 d6 10. a4 b6 11. Bf3 Bb7 12. Qe1 Nbd7 13. Qg3 Rab8 14. Rae1 Ba8
15. Kh1 Kh8 16. Bg1 g6 17. e5 Ne8 18. Bxa8 Rxa8 19. Nf3 d5 20. Nd4 Ng7 21. Qf3
Rae8 22. Qe2 Nc5 23. Nf3 Rc8 24. Rd1 Qb7 25. Nd4 Rfd8 26. Rfe1 Nd7 27. Rd3 Rc4
28. Rh3 Rdc8 29. Qg4 Bb4 30. Ree3 Rxd4 31. Rxh7+ Kxh7 32. Rh3+ Kg8 33. Qh4 Nh5
34. Bxd4 Nf8 35. Qg5 Be7 36. Qh6 Nh7 37. g4 Bf8 0-1

[Event "IV Festival A"]
[Site "San Martino di Castrozza - Siror ITA"]
[Date "2003.07.02"]
[Round "3"]
[White "Poropat, Marijan"]
[Black "Rossi, Giampiero"]
[Result "1-0"]
[WhiteElo "2103"]
[BlackElo "2052"]
[PlyCount "96"]
[EventDate "2003.06.30"]

1. Nf3 d5 2. g3 c6 3. Bg2 Nf6 4. b3 e6 5. Bb2 Nbd7 6. O-O Be7 7. c4 O-O 8. d3
b6 9. Nbd2 Bb7 10. Qc2 Rc8 11. Rac1 Qc7 12. Qb1 Qb8 13. e3 Rfd8 14. Rfd1 c5 15.
d4 Qa8 16. Ne5 Nxe5 17. dxe5 Ne8 18. cxd5 Bxd5 19. e4 Bb7 20. h4 Rd7 21. Nc4
Rcd8 22. Re1 Ba6 23. Bf1 Qb7 24. Bc3 Nc7 25. Na3 Bxf1 26. Rxf1 Qa6 27. Nc4 Nb5
28. a4 Nd4 29. Bxd4 Rxd4 30. Rfd1 Qb7 31. Rxd4 Rxd4 32. Re1 a6 33. Qc2 Qc7 34.
Rc1 h6 35. Kg2 Qc6 36. Kf3 b5 37. axb5 axb5 38. Nb2 Qc7 39. Nd3 c4 40. Kg2 Qb7
41. Nf4 Rxe4 42. Kg1 g5 43. hxg5 Bxg5 44. Nh5 cxb3 45. Qb1 Rxe5 46. Rd1 Rd5 47.
Re1 Qd7 48. Qxb3 Rd3 1-0

[Event "IV Festival A"]
[Site "San Martino di Castrozza - Siror ITA"]
[Date "2003.07.02"]
[Round "3"]
[White "Rotstein, Arkadij"]
[Black "Naumkin, Igor"]
[Result "1/2-1/2"]
[WhiteElo "2514"]
[BlackElo "2431"]
[PlyCount "27"]
[EventDate "2003.06.30"]

1. e4 e5 2. Nf3 Nc6 3. Bb5 a6 4. Ba4 Nf6 5. Qe2 b5 6. Bb3 Be7 7. O-O O-O 8. a4
Rb8 9. axb5 axb5 10. d3 d6 11. h3 h6 12. Nc3 Re8 13. Nd5 Bf8 14. Bd2 1/2-1/2

[Event "IV Festival A"]
[Site "San Martino di Castrozza - Siror ITA"]
[Date "2003.07.02"]
[Round "3"]
[White "Roversi, Stefano"]
[Black "De Carolis, Maurizio"]
[Result "1/2-1/2"]
[WhiteElo "2015"]
[BlackElo "1864"]
[PlyCount "34"]
[EventDate "2003.06.30"]

1. e4 d6 2. d4 Nf6 3. Nc3 c6 4. Nf3 Bg4 5. Be2 Nbd7 6. O-O e5 7. Be3 Bxf3 8.
Bxf3 Be7 9. Ne2 O-O 10. Ng3 Re8 11. Nf5 Bf8 12. g3 Qc7 13. Bg2 Rad8 14. Bg5 h6
15. dxe5 dxe5 16. Bxf6 Nxf6 17. Qf3 Be7 1/2-1/2

[Event "IV Festival A"]
[Site "San Martino di Castrozza - Siror ITA"]
[Date "2003.07.03"]
[Round "4"]
[White "Bartonicek, Zdenek sr"]
[Black "Di Paolo, Marco"]
[Result "1-0"]
[WhiteElo "2127"]
[BlackElo "2060"]
[PlyCount "83"]
[EventDate "2003.06.30"]

1. d4 Nf6 2. Nf3 g6 3. Nc3 d5 4. Bg5 Ne4 5. Bf4 Nxc3 6. bxc3 Nd7 7. e3 Bg7 8.
c4 c6 9. c3 Qa5 10. Qc2 Nc5 11. Rc1 Ne4 12. Be2 O-O 13. O-O Bf5 14. Qb2 dxc4
15. Bxc4 b5 16. Be2 Nf6 17. Ne5 Rac8 18. c4 Nd7 19. Nxd7 Bxd7 20. Rc3 b4 21.
Rb3 c5 22. Qd2 Rfd8 23. a3 e5 24. Bg5 f6 25. Bh4 exd4 26. exd4 Rb8 27. Bg3 Rb7
28. Rfb1 Bf5 29. axb4 Rxb4 30. Rxb4 Bxb1 31. Rb2 Qxd2 32. Rxd2 cxd4 33. c5 Be4
34. Bd6 f5 35. Bc4+ Kh8 36. f3 Bc6 37. f4 Bf6 38. Kf2 Rd7 39. Re2 Kg7 40. Re8
Rf7 41. Bxf7 Bxe8 42. Bxe8 1-0

[Event "IV Festival A"]
[Site "San Martino di Castrozza - Siror ITA"]
[Date "2003.07.03"]
[Round "4"]
[White "Campini, Marco"]
[Black "Gaido, Paolo"]
[Result "1/2-1/2"]
[WhiteElo "2156"]
[BlackElo "2123"]
[PlyCount "68"]
[EventDate "2003.06.30"]

1. e4 d6 2. d4 e5 3. Nf3 Nf6 4. Nc3 Nbd7 5. Be2 Be7 6. O-O O-O 7. Ne1 c6 8. Be3
Qc7 9. Qd2 b5 10. a3 a6 11. Rd1 Bb7 12. f4 exd4 13. Bxd4 c5 14. Bxf6 Nxf6 15.
Bf3 b4 16. Nd5 Nxd5 17. exd5 bxa3 18. bxa3 Bf6 19. Nd3 Bc8 20. Nf2 g6 21. Bg4
Bxg4 22. Nxg4 Bd4+ 23. Kh1 f5 24. Ne3 Bxe3 25. Qxe3 Rfe8 26. Qd3 Qa5 27. g4 Qb5
28. c4 Qd7 29. gxf5 Qxf5 30. Qxf5 gxf5 31. Rde1 Kf7 32. Kg2 Rxe1 33. Rxe1 Re8
34. Rxe8 Kxe8 1/2-1/2

[Event "IV Festival A"]
[Site "San Martino di Castrozza - Siror ITA"]
[Date "2003.07.03"]
[Round "4"]
[White "De Carolis, Maurizio"]
[Black "Rossi, Giampiero"]
[Result "0-1"]
[WhiteElo "1864"]
[BlackElo "2052"]
[PlyCount "119"]
[EventDate "2003.06.30"]

1. c4 e6 2. g3 d5 3. Bg2 c6 4. cxd5 exd5 5. d4 Bf5 6. Nf3 Be7 7. O-O Nd7 8. Nc3
a6 9. Re1 Ngf6 10. Bf4 O-O 11. Ne5 Nxe5 12. Bxe5 Re8 13. e4 dxe4 14. Nxe4 Nxe4
15. Bxe4 Bxe4 16. Rxe4 Qd7 17. Qe2 Bf8 18. Re1 f6 19. Bf4 Rxe4 20. Qxe4 Rd8 21.
Be3 Qd5 22. Qxd5+ Rxd5 23. Rc1 Kf7 24. Kf1 Ke6 25. Ke2 Ra5 26. a3 Rb5 27. Rc2
Kd5 28. Kf3 a5 29. h4 h5 30. Kf4 g6 31. Kf3 Bd6 32. Ke2 a4 33. Kd2 Rb3 34. Ke2
Be7 35. Kf3 Rb5 36. Ke2 Bd8 37. Kf3 Bb6 38. Rd2 Rb3 39. Ke2 Bc7 40. Rc2 Bd6 41.
Kf3 g5 42. g4 hxg4+ 43. Kxg4 gxh4 44. Kxh4 f5 45. Kg5 Ke4 46. Re2 Kf3 47. Rc2
f4 48. Bd2 Rd3 49. Bc3 Be7+ 50. Kh5 Bf6 51. Kg6 Bxd4 52. Bd2 Bxf2 53. Bxf4 Kxf4
54. Rxf2+ Ke3 55. Rc2 Rd2 56. Rc4 Rxb2 57. Rxa4 Kd3 58. Kf5 c5 59. Rh4 Kc2 60.
Ke4 0-1